| 000 | 01421nam a2200325 c 4500 | ||
|---|---|---|---|
| 003 | BLK | ||
| 005 | 20250210113101.0 | ||
| 008 | 180408b bul|||||r ||||||| ||bul|| | ||
| 010 | _aKNG00082137000 | ||
| 020 |
_a978-954-9667-20-2 _bиздат.: Синтаксис |
||
| 040 | _aBLK | ||
| 041 |
_aBUL _cBUL |
||
| 080 |
_aРуска литература _b821.161.1 _x-312.4 _z821.161.1-312.4 |
||
| 100 | 1 |
_aДонцова, Даря _eпърви автор _gДонцова, Агрипина Аркадиевна _9294181 |
|
| 700 | 1 |
_aМаврова, Аглая _eпрев. от рус. _9298422 |
|
| 139 |
_aДонцова, Даря _bД 77 |
||
| 245 | 1 | 0 |
_aМаникюр за покойника _bРоман _cДаря Донцова; прев. от рус. Аглая Маврова. |
| 257 | _aRUS | ||
| 260 |
_аСофия _bСинтаксис _c2007 _fСофия : Симолини |
||
| 300 |
_a375 с. _c20 см |
||
| 380 | _aX | ||
| 490 | 1 |
_aИроничен криминален роман _vКн. 1 |
|
| 500 | _aОриг. загл. Маникюр для покойника / Дарья Донцова. - Истинското име на авт. е Агрипина Аркадиевна Донцова. | ||
| 852 | _aЦб 238838 | ||
| 856 | 4 |
_qpdf _u |
|
| 856 | 4 |
_qpdf _u |
|
| 942 |
_cKNG _n0 _06 |
||
| 944 |
_aCR _c11.03.2008 _k30531 _lЦветелина Шанова |
||
| 944 |
_aED _c08.07.2009 _k |
||
| 999 |
_c77677 _d77677 |
||